Bosnian Premier League Champions - Statistics

General Stats
  • This quiz has been taken 177 times
  • The average score is 19 of 22
Answer Stats
Season Teams % Correct
2019-20 FK Sarajevo
99%
2018-19 FK Sarajevo
99%
2014-15 FK Sarajevo
99%
2006-07 FK Sarajevo
99%
2012-13 FK Željezničar Sarajevo
96%
2011-12 FK Željezničar Sarajevo
96%
2009-10 FK Željezničar Sarajevo
96%
2001-02 FK Željezničar Sarajevo
96%
2000-01 FK Željezničar Sarajevo
96%
2021-22 HŠK Zrinjski Mostar
92%
2017-18 HŠK Zrinjski Mostar
92%
2016-17 HŠK Zrinjski Mostar
92%
2015-16 HŠK Zrinjski Mostar
92%
2013-14 HŠK Zrinjski Mostar
92%
2008-09 HŠK Zrinjski Mostar
92%
2004-05 HŠK Zrinjski Mostar
92%
2020-21 FK Borac Banja Luka
88%
2010-11 FK Borac Banja Luka
88%
2005-06 NK Široki Brijeg
57%
2003-04 NK Široki Brijeg
57%
2002-03 FK Leotar Trebinje
46%
2007-08 FK Modriča Maxima
40%
No matching quizzes found
Score Distribution
Percent of People with Each Score
Percentile by Number Answered
Your Score History
You have not taken this quiz